1577 1106 1579 1171 1093 1669 1207 1277 1166 1827 1206 1663 1748 1069 1893 1744 1825 1144 1746 1165 1334 1798 1287 1436 1361 1388 1393 1655 1872 1904 1596 1235 1498 1825 1695 1083 1824 1571 1957 1565 1268 1886 1005 1803 1264 1643 1355 1281 1257 1097 1096 1983 1063 1031 1559 1338 1551 1489 1764 1434 2000 1889 1955 1207 1276 1165 1487 1292 1700 1570 1922 1086 1132 1029 1868 1925 1540 1221 1984 1708 1733 1631 1020 1771 1248 1980 1249 1642 1642 1278 1134 1376 1016 1170 1024 1258 1751 1979 1813 BCNSPRNW ULIB Ver.6.0+V

เปลี่ยนเป็นภาษาไทย

Change to English
 แสดงรายละเอียดบรรณานุกรม
  กลับหน้าหลัก

Brief Record : Get Marc (ISO 2709) : E-mail record : QR code < ปิดหน้าต่าง
LEADER : 00000nam 2200000uu 4500
001    13399125986
003     ULIB
008    171201s2558||||th 000 0 tha d
020    ^a9786168024010 (ล.3)
060  4 ^aWX162^bค695^cล.3
245 00 ^aคู่มือหลักสูตรความปลอดภัยของผู้ป่วยขององค์การอนามัยโลก(เล่ม 3) :^bฉบับสหวิชาชีพ (ฉบับภาษาไทย) /^cสถาบันรับรองคุณภาพสถานพยาบาล (องค์การมหาชน)
260    ^aนนทบุรี :^bสถาบันรับรองคุณภาพสถานพยาบาล (องค์การมหาชน),^c2558
300    ^a5 เล่ม :^bภาพประกอบ ;^c24 ซม.
504    ^aเอกสารอ้างอิงท้ายบท.
505 0  ^aล.5 ส่วน B หัวข้อของคู่มือหลักรสูตร บทนำต่อหัวข้อที่ 9-11 หัวข้อที่ 9-11
505 0  ^aล.4 ส่วน B หัวข้อของคู่มือหลักรสูตร หัวข้อที่ 5-8
505 0  ^aล.3 ส่วน B หัวข้อของคู่มือหลักสูตร คำจำกัดความของแนวคิดที่สำคัญ ความหมายของสัญลักษณ์ บทนำ หัวข้อที่ 1-4
505 0  ^aล.2 ส่วน A คู่มือผู้สอน
505 0  ^aล.1คำนำ ที่มาของการแปล คำชี้แจงวิธีการแปล คำย่อ คำกล่าวนำ บทนำ และภาคผนวก
650  2 ^aHospital Administration.
650  2 ^aMedical Errors.
650  2 ^aPatient Care Management.
650  2 ^aRisk Management.
650  2 ^aSafety Management.
700 0  ^aสมพนธ์ ทัศนิยม^eบรรณาธิการ
700 0  ^aนิตย์ ทัศนิยม^eบรรณาธิการ
710 0  ^aสถาบันรับรองคุณภาพสถานพยาบาล (องค์การมหาชน)
945    ^p0^l0^i25712
999    ^aกัณชพร จุลอักษร
รายการนี้ยังไม่มีแท็ก
คุณยังไม่ได้ล็อกอิน คุณสามารถมีกิจกรรมร่วมกับเว็บไซต์ได้ แต่ต้องล็อกอินก่อน ::
  ล็อกอิน

รายการสื่อสารสนเทศ

ลำดับที่ ประเภท เลขเรียก/บาร์โค้ด สถานที่ สถานะ
1. วิทยาศาสตร์การแพทย์ และสุขภาพ
วิทยาศาสตร์การแพทย์ และสุขภาพ
สถานะ=หนังสือเก่า
WX162 ค695 ล.3 ฉ.1 
  Barcode: 25712
ห้องสมุดวิทยาเขตนครสวรรค์
►ส่วนจัดเก็บหนังสือเก่า นว.
บนชั้น
  ขอยืม

รายการใกล้เคียง
    หัวเรื่อง [Hospital Administration.]
    หัวเรื่อง [Medical Errors.]
    หัวเรื่อง [Patient Care Management.]
    หัวเรื่อง [Risk Management.]
    หัวเรื่อง [Safety Management.]

BibComment


ยังไม่เคยถูกคอมเมนท์

คอมเมนท์ทรัพยากรรายการนี้
  คอมเมนท์: คู่มือหลักสูตรคว..


 Copyright 2026. Bcnsprnw @Library